000
00286nam a2200121Ia 4500
008
190216s9999||||xx |||||||||||||| ||und||
100
_a
Panangadu P.K. Thankappan Pillai
245
0
_a
Karakkam
260
_b
V K S Publishers
_c
1985
300
_a
52p
650
_a
Kavithkal
942
_c
BK
999
_c
25647
_d
25647